| 000 | 01001cam a22002893a 4500 | ||
|---|---|---|---|
| 001 | 1067 | ||
| 003 | PGUSA | ||
| 005 | 20140828082956.0 | ||
| 008 | 040601s2004||||xxu|||||s|||||000 | eng d | ||
| 040 |
_aPGUSA _beng |
||
| 042 | _adc | ||
| 050 | 4 | _aE660 | |
| 100 | 1 |
_aGrant, Ulysses S. _q(Ulysses Simpson), _d1822-1885 |
|
| 245 | 1 | 0 |
_aPersonal Memoirs of U. S. Grant — Volume 1 _h[electronic resource] / _cUlysses S. Grant |
| 260 |
_bProject Gutenberg, _c2004 |
||
| 506 | _aPublic domain in the USA. | ||
| 516 | _aElectronic text | ||
| 653 | _aGrant, Ulysses S. (Ulysses Simpson), 1822-1885 | ||
| 653 | _aMexican War, 1846-1848 -- Personal narratives | ||
| 653 | _aPresidents -- United States -- Biography | ||
| 653 | _aGenerals -- United States -- Biography | ||
| 653 | _aUnited States. Army -- Biography | ||
| 653 | _aUnited States -- History -- Civil War, 1861-1865 -- Campaigns | ||
| 830 | 0 |
_aProject Gutenberg _v1067 |
|
| 856 | 4 | 0 | _uhttp://www.gutenberg.org/ebooks/1067 |
| 942 | _cEB | ||
| 999 |
_c230418 _d230418 |
||